LEADER 01148cam2 22002893 450 001 E600200036534 005 20241003080417.0 100 $a20080416d2004 |||||ita|0103 ba 101 $aita 102 $aIT 200 1 $a<<5: Il >>lavoro nelle pubbliche amministrazioni$fa cura di Franco Carinci, Lorenzo Zoppoli 210 $aTorino$cUTET$d2004 215 $a2 v.$d21 cm 461 1$1001E600200036536$12001 $aDiritto del lavoro / commentario diretto da Franco Carinci 702 1$aCARINCI, Franco$3AF00015589$4070 702 1$aZOPPOLI, Lorenzo$3AF00019530$4070 801 0$aIT$bUNISOB$c20241003$gRICA 850 $aUNISOB 852 $aUNISOB$j340|Coll|73|K$m138082 852 $aUNISOB$j340|Coll|73|K$m138083 912 $aE600200036534 940 $aM 102 Monografia moderna SBN 941 $aM 957 $a340|Coll|73|K$b00005$i-1$gSi$d138082$racquisto$1catenacci$2UNISOB$3UNISOB$420080416075656.0$520241003080327.0$6Alfano 957 $a340|Coll|73|K$b000005$i-2$gSI$d138083$racquisto$1catenacci$2UNISOB$3UNISOB$420140520161447.0$520241003080334.0$6Alfano 996 $aLavoro nelle pubbliche amministrazioni$968820 997 $aUNISOB